F1 2002 Line-ups - Statistiques

Statistiques générales
  • Ce quiz a été pris 16 fois
  • Le résultat moyen est 17 sur 22
Statistiques - réponses
Team Nationality Driver % Correct
Scuderia Ferrari Marlboro Germany Michael Schumacher
100%
BMW Williams F1 Germany Ralf Schumacher
100%
West McLaren Mercedes United Kingdom David Coulthard
92%
Brazil Felipe Massa
92%
DHL Jordan Honda Italy Giancarlo Fisichella
92%
Lucky Strike BAR Honda Canada Jacques Villeneuve
92%
Colombia Juan Pablo Montoya
92%
Finland Kimi Raïkkönen
92%
Sauber Petronas Germany Nick Heidfeld
92%
France Olivier Panis
92%
Brazil Rubens Barrichello
92%
Japan Takuma Satō
92%
Mild Seven Renault F1 Team Italy Jarno Trulli
85%
Jaguar Racing United Kingdom Eddie Irvine
77%
United Kingdom Jenson Button
77%
Spain Pedro de la Rosa
77%
Australia Mark Webber
69%
Orange Arrows Germany Heinz-Harald Frentzen
62%
KL Minardi Asiatech Malaysia Alex Yoong
54%
Brazil Enrique Bernoldi
54%
United Kingdom Allan McNish
38%
Panasonic Toyota Racing Japan Mika Salo
23%
Aucun quiz correspondant
Distribution des résultats
% des personnes avec chaque résultat
Percentile par nombre de réponses
Votre historique - résultats
Vous n’avez pas pris ce quiz